Subjekty povinné platiť odvody do verejnoprávnych fondov

Jednotlivé právne normy upravujúce platenie do verejnoprávnych fondov. Nejasnosti a problémy, ktoré vznikajú v praxi. Výklad pojmov subjektov, ktoré su povinné platiť jednotlivé druhy odvodov. Povinní platitelia poistného na nemocenské poistenie, zdravotné poistenie a dôchodkové zabezpečenie. Pojem...

Full description

Saved in:
Bibliographic Details
Main Author: Macková, Zuzana
Format: Book Chapter
Language:Slovak
Subjects:
Tags: Add Tag
No Tags, Be the first to tag this record!

MARC

LEADER 00000naa a2200000 4500
001 r041731
005 20231002081149.2
041 0 |a slo 
044 |a SK 
245 1 0 |a Subjekty povinné platiť odvody do verejnoprávnych fondov  |c Zuzana Macková 
520 |a Jednotlivé právne normy upravujúce platenie do verejnoprávnych fondov. Nejasnosti a problémy, ktoré vznikajú v praxi. Výklad pojmov subjektov, ktoré su povinné platiť jednotlivé druhy odvodov. Povinní platitelia poistného na nemocenské poistenie, zdravotné poistenie a dôchodkové zabezpečenie. Pojem zamestnanca, pojem samostatne zárobkovo činných osôb, spolupracujúcich osôb zúčastnených na poistení. Základné princípy poisťovacieho systému. Systém sociálnej pomoci. 
610 2 0 |a poistné 
610 2 0 |a odvody 
610 2 0 |a fondy verejné 
610 2 0 |a zabezpečenie sociálne 
610 2 0 |a zabezpečenie dôchodkové 
610 2 0 |a poistenie nemocenské 
610 2 0 |a poistenie zdravotné 
610 2 0 |a poistenie v nezamestnanosti 
610 2 0 |a systémy sociálne 
610 2 0 |a Slovensko 
100 1 |a Macková, Zuzana